| 000 | 00406nam a2200145Ia 4500 | ||
|---|---|---|---|
| 008 | 200619s9999 xx 000 0 und d | ||
| 020 | _a81856045411 | ||
| 082 | _a305.4CHA | ||
| 100 | _aUma Chakravarthi | ||
| 245 | 0 | _aGendering Caste through a Feminist Lens | |
| 264 |
_aKolkatta _bMandira Sen for Samya _c2006 |
||
| 300 | _a183 | ||
| 942 | _cIR | ||
| 999 |
_c119582 _d119582 |
||